[Event "European Online Club-ch-H 2021"]
[Site "Online"]
[Date "2021.03.27"]
[Round "7.2"]
[White "Agdelen, Huseyin Can"]
[Black "Mihok, Oliver"]
[Result "1-0"]
[WhiteElo "2206"]
[BlackElo "2540"]
[Annotator "ChessBase"]
[PlyCount "67"]
[EventDate "2021.03.27"]
[EventType "team-tourn"]
[EventCountry "NET"]
[SourceTitle "playchess.com"]
[Source "ChessBase"]
[SourceQuality "1"]
[TimeControl "900+5"]

1. e4 {[%emt 0:00:00]} c5 {[%emt 0:00:03]} 2. Nf3 {[%emt 0:00:02]} e6 {[%emt 0:00:01]} 3. d4 {[%emt 0:00:04]} cxd4 {[%emt 0:00:04]} 4. Nxd4 {[%emt 0:00:02]} Nc6 {[%emt 0:00:01]} 5. Nc3 {[%emt 0:00:11]} Qc7 {[%emt 0:00:03]} 6. Be3 {[%emt 0:00:04]} a6 {[%emt 0:00:02]} 7. Qd2 {[%emt 0:00:02]} Nf6 {[%emt 0:00:06]} 8. f4 {[%emt 0:00:02]} Bb4 {[%emt 0:00:04]} 9. Bd3 {[%emt 0:00:24]} O-O {[%emt 0:00:13]} 10. a3 {[%emt 0:00:39]} Be7 {[%emt 0:00:04]} 11. e5 {[%emt 0:00:21]} Ng4 {[%emt 0:00:12]} 12. Bg1 {[%emt 0:00:05]} f6 {[%emt 0:01:05]} 13. h3 {[%emt 0:00:29]} Nh6 {[%emt 0:00:14]} 14. exf6 {[%emt 0:00:20]} Bxf6 {[%emt 0:00:09]} 15. Nde2 {[%emt 0:00:10]} b5 {[%emt 0:00:48]} 16. Bf2 {[%emt 0:00:30]} Bb7 {[%emt 0:00:28]} 17. O-O {[%emt 0:03:23]} b4 {[%emt 0:00:32]} 18. axb4 {[%emt 0:01:52]} Nxb4 {[%emt 0:00:05]} 19. Be4 {[%emt 0:00:09]} Bxe4 {[%emt 0:01:44]} 20. Nxe4 {[%emt 0:00:00]} Qxc2 {[%emt 0:00:02]} 21. Nxf6+ {[%emt 0:01:19]} gxf6 {[%emt 0:00:39]} 22. Qxb4 {[%emt 0:00:57]} Qxe2 {[%emt 0:00:04]} 23. Ra3 {[%emt 0:02:44]} Nf5 {[%emt 0:00:52]} 24. Qb7 {[%emt 0:00:38]} Qb5 {[%emt 0:01:15]} 25. Qf3 {[%emt 0:00:13]} Qxb2 {[%emt 0:00:25]} 26. Rb3 {[%emt 0:00:06]} Qc2 {[%emt 0:00:17]} 27. Rd1 {[%emt 0:00:03]} Qc6 {[%emt 0:00:48]} 28. Qxc6 {[%emt 0:00:38]} dxc6 {[%emt 0:00:03]} 29. g4 {[%emt 0:00:00]} Ne7 {[%emt 0:00:41]} 30. Rd7 {[%emt 0:00:22]} Nd5 {[%emt 0:00:19]} 31. Rbb7 {[%emt 0:00:10]} Rfb8 {[%emt 0:01:14]} 32. Rg7+ {[%emt 0:00:05]} Kf8 {[%emt 0:00:03]} 33. Bc5+ {[%emt 0:00:16]} Ne7 {[%emt 0:00:09]} 34. Rbxe7 {[%emt 0:00:02]} 1-0

[Event "European Online Club-ch-H 2021"]
[Site "Online"]
[Date "2021.03.27"]
[Round "7.3"]
[White "Harff, Marcel"]
[Black "Sertbay, Huseyin"]
[Result "1-0"]
[WhiteElo "2360"]
[BlackElo "2101"]
[Annotator "NA"]
[PlyCount "73"]
[EventDate "2021.03.27"]
[EventType "team-tourn"]
[EventCountry "NET"]
[SourceTitle "playchess.com"]
[Source "ChessBase"]
[SourceQuality "1"]
[TimeControl "900+5"]

1. c4 {[%emt 0:00:00]} e5 {[%emt 0:00:14]} 2. g3 {[%emt 0:00:05]} Nc6 {[%emt 0:00:07]} 3. Bg2 {[%emt 0:00:02]} Bc5 {[%emt 0:00:01]} 4. Nc3 {[%emt 0:00:02]} Nf6 {[%emt 0:00:04]} 5. a3 {[%emt 0:00:03]} a6 {[%emt 0:00:02]} 6. e3 {[%emt 0:00:02]} d6 {[%emt 0:00:01]} 7. Nge2 {[%emt 0:00:02]} h6 {[%emt 0:00:05]} 8. d4 {[%emt 0:00:06]} exd4 {[%emt 0:00:02]} 9. exd4 {[%emt 0:00:02]} Ba7 {[%emt 0:00:01]} 10. h3 {[%emt 0:00:03]} O-O {[%emt 0:00:02]} 11. O-O {[%emt 0:00:03]} Re8 {[%emt 0:00:01]} 12. Be3 {[%emt 0:00:09]} Rb8 {[%emt 0:00:03]} 13. b4 {[%emt 0:00:08]} Bf5 {[%emt 0:00:09]} 14. Rc1 {[%emt 0:00:26]} Ne7 {[%emt 0:00:02]} 15. g4 {[%emt 0:00:15]} Bh7 {[%emt 0:00:11]} 16. Qd2 {[%emt 0:00:05]} c6 {[%emt 0:01:49]} 17. Bf4 {[%emt 0:00:18]} Qd7 {[%emt 0:00:09]} 18. c5 {[%emt 0:00:13]} dxc5 {[%emt 0:02:00]} 19. Bxb8 {[%emt 0:00:05]} Rxb8 {[%emt 0:00:01]} 20. Rfd1 {[%emt 0:00:38]} Rd8 {[%emt 0:00:04]} 21. bxc5 {[%emt 0:00:23]} Bxc5 {[%emt 0:00:02]} 22. Qb2 {[%emt 0:00:02]} Bd6 {[%emt 0:00:19]} 23. Na4 {[%emt 0:00:26]} Ned5 {[%emt 0:00:19]} 24. Nc5 {[%emt 0:00:11]} Qe7 {[%emt 0:00:15]} 25. Re1 {[%emt 0:00:04]} Re8 {[%emt 0:00:54]} 26. Qd2 {[%emt 0:00:46]} Bb8 {[%emt 0:00:26]} 27. Nc3 {[%emt 0:00:13]} Qd6 {[%emt 0:01:11]} 28. Nxd5 {[%emt 0:00:12]} cxd5 {[%emt 0:00:07]} 29. Rxe8+ {[%emt 0:00:19]} Nxe8 {[%emt 0:00:03]} 30. Qe3 {[%emt 0:00:32]} Qh2+ {[%emt 0:01:12]} 31. Kf1 {[%emt 0:00:04]} Nd6 {[%emt 0:00:03]} 32. Bxd5 {[%emt 0:00:41]} Bg6 {[%emt 0:00:17]} 33. Qg3 {[%emt 0:01:54]} Qxg3 {[%emt 0:00:40]} 34. fxg3 {[%emt 0:00:03]} Nb5 {[%emt 0:00:02]} 35. Nd7 {[%emt 0:00:04]} Bxg3 {[%emt 0:00:06]} 36. Rc8+ {[%emt 0:00:03]} Kh7 {[%emt 0:00:02]} 37. Nf8+ {[%emt 0:00:02]} 1-0

[Event "European Online Club-ch-H 2021"]
[Site "Online"]
[Date "2021.03.27"]
[Round "7.4"]
[White "Atasoy, Ata"]
[Black "Ahn, Martin"]
[Result "0-1"]
[WhiteElo "1636"]
[BlackElo "2171"]
[Annotator "NA"]
[PlyCount "116"]
[EventDate "2021.03.27"]
[EventType "team-tourn"]
[EventCountry "NET"]
[SourceTitle "playchess.com"]
[Source "ChessBase"]
[SourceQuality "1"]
[TimeControl "900+5"]

1. e4 {[%emt 0:00:00]} g6 {[%emt 0:00:05]} 2. d4 {[%emt 0:00:04]} Bg7 {[%emt 0:00:03]} 3. Nc3 {[%emt 0:00:03]} d6 {[%emt 0:00:04]} 4. Bg5 {[%emt 0:00:33]} a6 {[%emt 0:00:42]} 5. Qd2 {[%emt 0:00:10]} b5 {[%emt 0:00:04]} 6. O-O-O {[%emt 0:00:02]} Bb7 {[%emt 0:00:10]} 7. f3 {[%emt 0:00:03]} Nd7 {[%emt 0:00:08]} 8. Kb1 {[%emt 0:00:16]} c5 {[%emt 0:00:28]} 9. dxc5 {[%emt 0:00:28]} Nxc5 {[%emt 0:00:04]} 10. Nge2 {[%emt 0:01:34]} Rc8 {[%emt 0:00:56]} 11. Nd5 {[%emt 0:01:09]} Bxd5 {[%emt 0:00:22]} 12. Qxd5 {[%emt 0:00:26]} Ne6 {[%emt 0:00:48]} 13. Be3 {[%emt 0:00:19]} Nf6 {[%emt 0:00:48]} 14. Qd2 {[%emt 0:00:11]} h5 {[%emt 0:01:01]} 15. h4 {[%emt 0:00:18]} Nd7 {[%emt 0:00:11]} 16. Nd4 {[%emt 0:00:44]} Nxd4 {[%emt 0:02:11]} 17. Bxd4 {[%emt 0:00:02]} Bxd4 {[%emt 0:00:09]} 18. Qxd4 {[%emt 0:00:00]} O-O {[%emt 0:00:03]} 19. g4 {[%emt 0:00:11]} Qc7 {[%emt 0:00:03]} 20. Bd3 {[%emt 0:00:14]} Qc5 {[%emt 0:00:10]} 21. Qxc5 {[%emt 0:01:03]} Rxc5 {[%emt 0:00:02]} 22. b4 {[%emt 0:00:04]} Rc3 {[%emt 0:00:27]} 23. gxh5 {[%emt 0:00:05]} gxh5 {[%emt 0:00:16]} 24. Rdg1+ {[%emt 0:00:32]} Kh8 {[%emt 0:00:03]} 25. Rg5 {[%emt 0:00:03]} Nf6 {[%emt 0:00:01]} 26. f4 {[%emt 0:01:17]} Rg8 {[%emt 0:02:26]} 27. e5 {[%emt 0:01:09]} dxe5 {[%emt 0:00:03]} 28. fxe5 {[%emt 0:00:17]} Rxg5 {[%emt 0:00:18]} 29. hxg5 {[%emt 0:00:14]} Nd7 {[%emt 0:00:53]} 30. Rxh5+ {[%emt 0:00:13]} Kg8 {[%emt 0:00:02]} 31. g6 {[%emt 0:00:33]} fxg6 {[%emt 0:00:03]} 32. Rg5 {[%emt 0:00:54]} Kh7 {[%emt 0:01:48]} 33. Bxg6+ {[%emt 0:03:20]} Kh6 {[%emt 0:00:04]} 34. Rg1 {[%emt 0:00:19]} Nxe5 {[%emt 0:00:09]} 35. Bf5 {[%emt 0:00:13]} Rf3 {[%emt 0:00:45]} 36. Bc8 {[%emt 0:00:17]} Rf6 {[%emt 0:00:17]} 37. Re1 {[%emt 0:00:25]} Nc4 {[%emt 0:00:03]} 38. c3 {[%emt 0:00:11]} e5 {[%emt 0:00:06]} 39. Bg4 {[%emt 0:00:11]} Kg5 {[%emt 0:01:40]} 40. Be2 {[%emt 0:00:03]} Nd6 {[%emt 0:00:02]} 41. a4 {[%emt 0:00:04]} e4 {[%emt 0:00:06]} 42. axb5 {[%emt 0:00:06]} axb5 {[%emt 0:00:01]} 43. Kc2 {[%emt 0:00:06]} Rf2 {[%emt 0:00:02]} 44. Kb3 {[%emt 0:00:06]} Kf4 {[%emt 0:00:02]} 45. c4 {[%emt 0:00:01]} bxc4+ {[%emt 0:00:05]} 46. Bxc4 {[%emt 0:00:01]} Rf3+ {[%emt 0:00:02]} 47. Kc2 {[%emt 0:00:14]} Nxc4 {[%emt 0:00:02]} 48. b5 {[%emt 0:00:03]} Na3+ {[%emt 0:00:02]} 49. Kd2 {[%emt 0:00:03]} Nxb5 {[%emt 0:00:03]} 50. Rh1 {[%emt 0:00:01]} Nd4 {[%emt 0:00:04]} 51. Rh8 {[%emt 0:00:02]} e3+ {[%emt 0:00:04]} 52. Ke1 {[%emt 0:00:01]} Rg3 {[%emt 0:00:13]} 53. Rh1 {[%emt 0:00:12]} Ke4 {[%emt 0:00:02]} 54. Rf1 {[%emt 0:00:05]} Kd3 {[%emt 0:00:03]} 55. Rh1 {[%emt 0:00:02]} Nf3+ {[%emt 0:00:15]} 56. Kf1 {[%emt 0:00:11]} Rg1+ {[%emt 0:00:09]} 57. Rxg1 {[%emt 0:00:03]} Nxg1 {[%emt 0:00:01]} 58. Kxg1 {[%emt 0:00:02]} Kd2 {[%emt 0:00:02]} 0-1

[Event "European Online Club-ch-H 2021"]
[Site "Online"]
[Date "2021.03.27"]
[Round "7.5"]
[White "Parvanyan, Ashot"]
[Black "Mamedov, Rauf"]
[Result "1-0"]
[WhiteElo "2436"]
[BlackElo "2654"]
[Annotator "ChessBase"]
[PlyCount "187"]
[EventDate "2021.03.27"]
[EventType "team-tourn"]
[EventCountry "NET"]
[SourceTitle "playchess.com"]
[Source "ChessBase"]
[SourceQuality "1"]
[TimeControl "900+5"]

1. Nf3 {[%emt 0:00:00]} g6 {[%emt 0:00:03]} 2. e4 {[%emt 0:00:21]} c5 {[%emt 0:00:07]} 3. c4 {[%emt 0:00:02]} Bg7 {[%emt 0:00:03]} 4. d4 {[%emt 0:00:02]} cxd4 {[%emt 0:00:01]} 5. Nxd4 {[%emt 0:00:00]} Nc6 {[%emt 0:00:06]} 6. Be3 {[%emt 0:00:34]} Qb6 {[%emt 0:00:03]} 7. Nf5 {[%emt 0:03:02]} Qxb2 {[%emt 0:00:58]} 8. Nxg7+ {[%emt 0:00:06]} Qxg7 {[%emt 0:00:01]} 9. Nd2 {[%emt 0:00:01]} Nb4 {[%emt 0:00:52]} 10. Nb3 {[%emt 0:05:54]} d6 {[%emt 0:01:47]} 11. Qd2 {[%emt 0:00:35]} Nc6 {[%emt 0:00:59]} 12. Be2 {[%emt 0:00:03]} h5 {[%emt 0:00:07]} 13. O-O {[%emt 0:00:08]} Nf6 {[%emt 0:00:02]} 14. f3 {[%emt 0:00:09]} h4 {[%emt 0:00:09]} 15. c5 {[%emt 0:00:26]} dxc5 {[%emt 0:01:02]} 16. Nxc5 {[%emt 0:00:08]} h3 {[%emt 0:00:01]} 17. g3 {[%emt 0:00:19]} Nd7 {[%emt 0:00:49]} 18. Rac1 {[%emt 0:01:44]} Nxc5 {[%emt 0:00:25]} 19. Rxc5 {[%emt 0:00:00]} Be6 {[%emt 0:00:07]} 20. Bb5 {[%emt 0:01:06]} O-O {[%emt 0:03:13]} 21. Bxc6 {[%emt 0:00:19]} bxc6 {[%emt 0:00:01]} 22. Bh6 {[%emt 0:00:02]} Rad8 {[%emt 0:00:02]} 23. Qxd8 {[%emt 0:01:21]} Qxh6 {[%emt 0:00:16]} 24. Qd4 {[%emt 0:00:02]} Rc8 {[%emt 0:00:34]} 25. a4 {[%emt 0:00:21]} Kh7 {[%emt 0:00:04]} 26. Rfc1 {[%emt 0:00:10]} Rd8 {[%emt 0:00:23]} 27. Qxd8 {[%emt 0:00:13]} Qe3+ {[%emt 0:00:01]} 28. Kf1 {[%emt 0:00:01]} Qxf3+ {[%emt 0:00:04]} 29. Ke1 {[%emt 0:00:01]} Qe3+ {[%emt 0:00:12]} 30. Kf1 {[%emt 0:00:11]} Qf3+ {[%emt 0:00:12]} 31. Ke1 {[%emt 0:00:02]} Bg4 {[%emt 0:01:47]} 32. R5c2 {[%emt 0:00:11]} Qe3+ {[%emt 0:01:03]} 33. Kf1 {[%emt 0:00:01]} Bf3 {[%emt 0:00:19]} 34. Rd1 {[%emt 0:00:10]} Bxe4 {[%emt 0:01:19]} 35. Rf2 {[%emt 0:00:02]} Bg2+ {[%emt 0:00:34]} 36. Kg1 {[%emt 0:00:03]} c5 {[%emt 0:00:02]} 37. Qd2 {[%emt 0:00:03]} Qe5 {[%emt 0:00:02]} 38. Rxg2 {[%emt 0:00:07]} hxg2 {[%emt 0:00:02]} 39. Qxg2 {[%emt 0:00:02]} c4 {[%emt 0:00:02]} 40. Qf2 {[%emt 0:00:09]} Qe6 {[%emt 0:00:01]} 41. Qd4 {[%emt 0:00:03]} a5 {[%emt 0:00:04]} 42. Rc1 {[%emt 0:00:02]} f6 {[%emt 0:00:08]} 43. Kf2 {[%emt 0:00:12]} Qf5+ {[%emt 0:00:04]} 44. Kg2 {[%emt 0:00:02]} Qg5 {[%emt 0:00:08]} 45. Rxc4 {[%emt 0:00:04]} Kg7 {[%emt 0:00:03]} 46. Rc2 {[%emt 0:00:03]} Qf5 {[%emt 0:00:03]} 47. Rf2 {[%emt 0:00:04]} Qe6 {[%emt 0:00:03]} 48. Rd2 {[%emt 0:00:10]} g5 {[%emt 0:00:03]} 49. Qd5 {[%emt 0:00:03]} Qe3 {[%emt 0:00:02]} 50. Qxa5 {[%emt 0:00:05]} Qe4+ {[%emt 0:00:04]} 51. Kf2 {[%emt 0:00:02]} Qh1 {[%emt 0:00:02]} 52. Ke3 {[%emt 0:00:05]} Qe1+ {[%emt 0:00:03]} 53. Kd3 {[%emt 0:00:04]} Qb1+ {[%emt 0:00:02]} 54. Ke2 {[%emt 0:00:04]} Qe4+ {[%emt 0:00:02]} 55. Kf2 {[%emt 0:00:05]} Qh1 {[%emt 0:00:02]} 56. Ke3 {[%emt 0:00:08]} Qe1+ {[%emt 0:00:02]} 57. Kd4 {[%emt 0:00:06]} Qa1+ {[%emt 0:00:07]} 58. Kc4 {[%emt 0:00:06]} Qf1+ {[%emt 0:00:14]} 59. Kc5 {[%emt 0:00:06]} Qc1+ {[%emt 0:00:08]} 60. Kb5 {[%emt 0:00:06]} Qc8 {[%emt 0:00:03]} 61. Qd8 {[%emt 0:00:06]} Qb7+ {[%emt 0:00:02]} 62. Qb6 {[%emt 0:00:03]} Qe4 {[%emt 0:00:04]} 63. Rd4 {[%emt 0:00:08]} Qe2+ {[%emt 0:00:03]} 64. Ka5 {[%emt 0:00:05]} Qc2 {[%emt 0:00:23]} 65. Qb4 {[%emt 0:00:07]} Qc7+ {[%emt 0:00:02]} 66. Qb6 {[%emt 0:00:03]} Qc8 {[%emt 0:00:11]} 67. h4 {[%emt 0:00:02]} gxh4 {[%emt 0:00:11]} 68. gxh4 {[%emt 0:00:00]} e5 {[%emt 0:00:04]} 69. Rd6 {[%emt 0:00:05]} Qc3+ {[%emt 0:00:06]} 70. Kb5 {[%emt 0:00:06]} Qb3+ {[%emt 0:00:03]} 71. Ka5 {[%emt 0:00:03]} Qc3+ {[%emt 0:00:02]} 72. Ka6 {[%emt 0:00:02]} Qc4+ {[%emt 0:00:03]} 73. Qb5 {[%emt 0:00:02]} Qxh4 {[%emt 0:00:01]} 74. Qd7+ {[%emt 0:00:06]} Kg6 {[%emt 0:00:02]} 75. Qe8+ {[%emt 0:00:03]} Kf5 {[%emt 0:00:02]} 76. Qe6+ {[%emt 0:00:04]} Kg6 {[%emt 0:00:04]} 77. a5 {[%emt 0:00:05]} Qf4 {[%emt 0:00:14]} 78. Rd8 {[%emt 0:00:11]} Qf1+ {[%emt 0:00:05]} 79. Ka7 {[%emt 0:00:05]} Qf2+ {[%emt 0:00:02]} 80. Ka8 {[%emt 0:00:05]} Qf3+ {[%emt 0:00:03]} 81. Qd5 {[%emt 0:00:02]} Qa3 {[%emt 0:00:07]} 82. Rg8+ {[%emt 0:00:03]} Kf5 {[%emt 0:00:02]} 83. Qd7+ {[%emt 0:00:04]} Ke4 {[%emt 0:00:02]} 84. Qg4+ {[%emt 0:00:11]} Kd5 {[%emt 0:00:02]} 85. Rd8+ {[%emt 0:00:03]} Kc5 {[%emt 0:00:01]} 86. Qc8+ {[%emt 0:00:05]} Kb4 {[%emt 0:00:05]} 87. Qb7+ {[%emt 0:00:11]} Ka4 {[%emt 0:00:02]} 88. a6 {[%emt 0:00:06]} Qc5 {[%emt 0:00:06]} 89. Rb8 {[%emt 0:00:03]} Qc4 {[%emt 0:00:04]} 90. a7 {[%emt 0:00:05]} e4 {[%emt 0:00:02]} 91. Rc8 {[%emt 0:00:03]} Qd4 {[%emt 0:00:04]} 92. Qc6+ {[%emt 0:00:07]} Kb3 {[%emt 0:00:02]} 93. Rb8+ {[%emt 0:00:05]} Ka3 {[%emt 0:00:06]} 94. Qa6+ {[%emt 0:00:07]} 1-0

[Event "European Online Club-ch-H 2021"]
[Site "Online"]
[Date "2021.03.27"]
[Round "7.6"]
[White "Asadli, Vugar"]
[Black "Olsen, Filip Boe"]
[Result "1-0"]
[WhiteElo "2572"]
[BlackElo "2379"]
[Annotator "ChessBase"]
[PlyCount "57"]
[EventDate "2021.03.27"]
[EventType "team-tourn"]
[EventCountry "NET"]
[SourceTitle "playchess.com"]
[Source "ChessBase"]
[SourceQuality "1"]
[TimeControl "900+5"]

1. e4 {[%emt 0:00:00]} c6 {[%emt 0:00:02]} 2. d4 {[%emt 0:00:47]} d5 {[%emt 0:00:02]} 3. e5 {[%emt 0:00:26]} Bf5 {[%emt 0:00:03]} 4. Nd2 {[%emt 0:00:03]} e6 {[%emt 0:00:04]} 5. Nb3 {[%emt 0:00:01]} Nd7 {[%emt 0:00:02]} 6. Nf3 {[%emt 0:00:06]} a6 {[%emt 0:00:08]} 7. Be2 {[%emt 0:00:06]} c5 {[%emt 0:00:05]} 8. O-O {[%emt 0:00:23]} c4 {[%emt 0:00:19]} 9. Nbd2 {[%emt 0:00:03]} h6 {[%emt 0:00:12]} 10. c3 {[%emt 0:00:29]} Ne7 {[%emt 0:00:30]} 11. Ne1 {[%emt 0:00:09]} Nc6 {[%emt 0:00:32]} 12. f4 {[%emt 0:00:10]} Bh7 {[%emt 0:01:36]} 13. g4 {[%emt 0:00:32]} f5 {[%emt 0:00:20]} 14. Ng2 {[%emt 0:01:24]} Be7 {[%emt 0:01:07]} 15. Ne3 {[%emt 0:01:19]} Nf8 {[%emt 0:02:36]} 16. b3 {[%emt 0:00:52]} cxb3 {[%emt 0:00:37]} 17. Nxb3 {[%emt 0:00:18]} fxg4 {[%emt 0:00:55]} 18. Bxg4 {[%emt 0:00:38]} g6 {[%emt 0:02:27]} 19. c4 {[%emt 0:01:16]} dxc4 {[%emt 0:00:33]} 20. Nxc4 {[%emt 0:00:02]} b5 {[%emt 0:01:35]} 21. Ne3 {[%emt 0:00:18]} Qb6 {[%emt 0:00:05]} 22. Bb2 {[%emt 0:00:15]} g5 {[%emt 0:00:37]} 23. f5 {[%emt 0:00:15]} exf5 {[%emt 0:00:21]} 24. Nxf5 {[%emt 0:01:18]} Ne6 {[%emt 0:00:21]} 25. Nxe7 {[%emt 0:00:39]} Kxe7 {[%emt 0:00:13]} 26. Bxe6 {[%emt 0:00:22]} Kxe6 {[%emt 0:00:02]} 27. Rf6+ {[%emt 0:00:02]} Ke7 {[%emt 0:00:12]} 28. Qh5 {[%emt 0:00:45]} Bg8 {[%emt 0:00:44]} 29. Qg6 {[%emt 0:00:19]} 1-0

[Event "European Online Club-ch-H 2021"]
[Site "Online"]
[Date "2021.03.27"]
[Round "7.7"]
[White "Pajeken, Jakob Leon"]
[Black "Suleymanli, Aydin"]
[Result "0-1"]
[WhiteElo "2323"]
[BlackElo "2512"]
[Annotator "ChessBase"]
[PlyCount "92"]
[EventDate "2021.03.27"]
[EventType "team-tourn"]
[EventCountry "NET"]
[SourceTitle "playchess.com"]
[Source "ChessBase"]
[SourceQuality "1"]
[TimeControl "900+5"]

1. d4 {[%emt 0:00:02]} d5 {[%emt 0:01:37]} 2. Nf3 {[%emt 0:00:08]} Nf6 {[%emt 0:00:04]} 3. Bf4 {[%emt 0:00:01]} e6 {[%emt 0:00:06]} 4. e3 {[%emt 0:00:05]} Bd6 {[%emt 0:00:10]} 5. Bg3 {[%emt 0:00:01]} c5 {[%emt 0:00:12]} 6. Nbd2 {[%emt 0:00:08]} Nc6 {[%emt 0:00:08]} 7. c3 {[%emt 0:00:06]} O-O {[%emt 0:00:07]} 8. Bd3 {[%emt 0:00:01]} b6 {[%emt 0:00:19]} 9. Qe2 {[%emt 0:00:04]} Bb7 {[%emt 0:00:10]} 10. Rd1 {[%emt 0:00:02]} Re8 {[%emt 0:01:41]} 11. e4 {[%emt 0:00:04]} e5 {[%emt 0:00:20]} 12. dxe5 {[%emt 0:00:39]} Nxe5 {[%emt 0:01:23]} 13. Nxe5 {[%emt 0:00:28]} Bxe5 {[%emt 0:00:05]} 14. f4 {[%emt 0:00:09]} dxe4 {[%emt 0:00:36]} 15. Bb5 {[%emt 0:00:07]} Bc7 {[%emt 0:00:12]} 16. Bxe8 {[%emt 0:00:22]} Qxe8 {[%emt 0:00:08]} 17. O-O {[%emt 0:00:12]} Qa4 {[%emt 0:01:46]} 18. Bh4 {[%emt 0:01:35]} Nd5 {[%emt 0:00:09]} 19. Nxe4 {[%emt 0:04:04]} Nxf4 {[%emt 0:02:11]} 20. Nf6+ {[%emt 0:01:12]} Kh8 {[%emt 0:00:08]} 21. Qe7 {[%emt 0:00:56]} Qc6 {[%emt 0:02:52]} 22. Rd2 {[%emt 0:01:10]} Ng6 {[%emt 0:00:51]} 23. Qxf7 {[%emt 0:00:28]} Rf8 {[%emt 0:01:14]} 24. Qxf8+ {[%emt 0:01:54]} Nxf8 {[%emt 0:00:03]} 25. Nd5 {[%emt 0:00:09]} Ng6 {[%emt 0:00:27]} 26. Nxc7 {[%emt 0:00:33]} h5 {[%emt 0:00:02]} 27. Bd8 {[%emt 0:00:46]} a6 {[%emt 0:00:05]} 28. c4 {[%emt 0:00:24]} Qe4 {[%emt 0:00:02]} 29. Nd5 {[%emt 0:00:18]} b5 {[%emt 0:00:02]} 30. b3 {[%emt 0:00:30]} bxc4 {[%emt 0:00:04]} 31. bxc4 {[%emt 0:00:02]} Qxc4 {[%emt 0:00:01]} 32. Ne3 {[%emt 0:00:10]} Qe4 {[%emt 0:00:02]} 33. Bg5 {[%emt 0:00:04]} c4 {[%emt 0:00:19]} 34. Rc2 {[%emt 0:00:32]} Ne5 {[%emt 0:00:03]} 35. Rcf2 {[%emt 0:00:14]} c3 {[%emt 0:00:04]} 36. Nf5 {[%emt 0:00:05]} Ng4 {[%emt 0:00:08]} 37. Nd6 {[%emt 0:00:10]} Qd4 {[%emt 0:00:01]} 38. Nxb7 {[%emt 0:00:04]} c2 {[%emt 0:00:05]} 39. Bh4 {[%emt 0:00:05]} Nxf2 {[%emt 0:00:06]} 40. Bxf2 {[%emt 0:00:01]} Qf4 {[%emt 0:00:02]} 41. Bg3 {[%emt 0:00:07]} Qe3+ {[%emt 0:00:01]} 42. Bf2 {[%emt 0:00:02]} Qd3 {[%emt 0:00:07]} 43. Nc5 {[%emt 0:00:04]} Qxf1+ {[%emt 0:00:02]} 44. Kxf1 {[%emt 0:00:02]} c1=Q+ {[%emt 0:00:02]} 45. Ke2 {[%emt 0:00:02]} Qc4+ {[%emt 0:00:02]} 46. Kf3 {[%emt 0:00:02]} Qxa2 {[%emt 0:00:01]} 0-1

[Event "European Online Club-ch-H 2021"]
[Site "Online"]
[Date "2021.03.27"]
[Round "7.8"]
[White "Ahmadzada, Ahmad"]
[Black "Arndt, Magnus"]
[Result "1-0"]
[WhiteElo "2431"]
[BlackElo "2282"]
[Annotator "NA"]
[PlyCount "109"]
[EventDate "2021.03.27"]
[EventType "team-tourn"]
[EventCountry "NET"]
[SourceTitle "playchess.com"]
[Source "ChessBase"]
[SourceQuality "1"]
[TimeControl "900+5"]

1. d4 {[%emt 0:00:00]} Nf6 {[%emt 0:00:02]} 2. Bf4 {[%emt 0:00:06]} d5 {[%emt 0:00:43]} 3. e3 {[%emt 0:00:03]} c5 {[%emt 0:00:03]} 4. Nf3 {[%emt 0:00:08]} Nc6 {[%emt 0:00:07]} 5. c3 {[%emt 0:00:02]} Qb6 {[%emt 0:00:06]} 6. Qb3 {[%emt 0:00:03]} c4 {[%emt 0:00:02]} 7. Qc2 {[%emt 0:00:02]} Bf5 {[%emt 0:00:14]} 8. Qc1 {[%emt 0:00:02]} h6 {[%emt 0:00:31]} 9. Nbd2 {[%emt 0:00:04]} Qd8 {[%emt 0:01:02]} 10. Be2 {[%emt 0:00:05]} e6 {[%emt 0:00:03]} 11. O-O {[%emt 0:00:05]} Bd6 {[%emt 0:00:05]} 12. Bg3 {[%emt 0:00:33]} Bxg3 {[%emt 0:00:18]} 13. hxg3 {[%emt 0:00:03]} O-O {[%emt 0:00:04]} 14. Bd1 {[%emt 0:00:02]} b5 {[%emt 0:00:46]} 15. a3 {[%emt 0:00:43]} a5 {[%emt 0:00:12]} 16. Bc2 {[%emt 0:00:05]} b4 {[%emt 0:00:51]} 17. Bxf5 {[%emt 0:00:40]} exf5 {[%emt 0:00:00]} 18. b3 {[%emt 0:00:30]} a4 {[%emt 0:08:03]} 19. bxc4 {[%emt 0:01:11]} b3 {[%emt 0:00:03]} 20. cxd5 {[%emt 0:00:13]} Qxd5 {[%emt 0:00:00]} 21. c4 {[%emt 0:00:09]} Qd6 {[%emt 0:00:06]} 22. Qb2 {[%emt 0:00:18]} Rfc8 {[%emt 0:00:25]} 23. Rac1 {[%emt 0:00:17]} Rab8 {[%emt 0:00:09]} 24. Rfd1 {[%emt 0:00:17]} Na5 {[%emt 0:00:14]} 25. Ne5 {[%emt 0:00:17]} Ne4 {[%emt 0:00:12]} 26. c5 {[%emt 0:00:47]} Qa6 {[%emt 0:01:24]} 27. Ndc4 {[%emt 0:00:56]} Nxc4 {[%emt 0:00:04]} 28. Nxc4 {[%emt 0:00:05]} Rd8 {[%emt 0:00:03]} 29. Nb6 {[%emt 0:00:17]} Qb5 {[%emt 0:00:25]} 30. f3 {[%emt 0:00:53]} Nxg3 {[%emt 0:00:17]} 31. Kf2 {[%emt 0:00:02]} f4 {[%emt 0:00:11]} 32. exf4 {[%emt 0:00:44]} Nf5 {[%emt 0:00:03]} 33. g4 {[%emt 0:00:22]} Ne7 {[%emt 0:00:19]} 34. d5 {[%emt 0:01:14]} Rxb6 {[%emt 0:00:28]} 35. cxb6 {[%emt 0:00:02]} Qxb6+ {[%emt 0:00:02]} 36. Qd4 {[%emt 0:00:03]} Qxd4+ {[%emt 0:00:09]} 37. Rxd4 {[%emt 0:00:02]} Rxd5 {[%emt 0:00:00]} 38. Rxa4 {[%emt 0:00:21]} Rd2+ {[%emt 0:00:10]} 39. Ke3 {[%emt 0:00:29]} Ra2 {[%emt 0:00:04]} 40. Ra5 {[%emt 0:00:52]} f5 {[%emt 0:00:09]} 41. Rb1 {[%emt 0:00:12]} b2 {[%emt 0:00:03]} 42. Kd3 {[%emt 0:00:13]} fxg4 {[%emt 0:00:03]} 43. fxg4 {[%emt 0:00:02]} Ng6 {[%emt 0:00:11]} 44. Ra4 {[%emt 0:00:12]} Ne7 {[%emt 0:00:06]} 45. Kc2 {[%emt 0:00:17]} Nd5 {[%emt 0:00:03]} 46. Rxb2 {[%emt 0:00:06]} Ne3+ {[%emt 0:00:02]} 47. Kb1 {[%emt 0:00:06]} Rxb2+ {[%emt 0:00:04]} 48. Kxb2 {[%emt 0:00:02]} Nxg4 {[%emt 0:00:00]} 49. Rd4 {[%emt 0:00:06]} h5 {[%emt 0:00:03]} 50. a4 {[%emt 0:00:02]} h4 {[%emt 0:00:04]} 51. a5 {[%emt 0:00:02]} h3 {[%emt 0:00:03]} 52. a6 {[%emt 0:00:10]} Nf2 {[%emt 0:00:02]} 53. a7 {[%emt 0:00:05]} h2 {[%emt 0:00:02]} 54. a8=Q+ {[%emt 0:00:07]} Kh7 {[%emt 0:00:02]} 55. f5 {[%emt 0:00:22]} 1-0